Statistics for Twilight Cast

Click here to take the quiz!

General Stats

  • This quiz has been taken 913 times
  • The average score is 8 of 15

Answer Stats

HintAnswer% Correct
Bella SwanKristen Stewart
96%
Edward CullenRobert Pattinson
95%
Jacob BlackTaylor Lautner
90%
AliceAshley Greene
65%
RosalieNikki Reed
60%
EmmettKellan Lutz
56%
JasperJackson Rathbone
53%
Carlisle CullenPeter Facinelli
51%
Seth ClearwaterBoo Boo Stewart
47%
AroMichael Sheen
43%
Renesmee CullenMackenzie Foy
42%
Esme CullenElizabeth Reaser
41%
CaiusJamie Campbell Bower
31%
Leah ClearwaterJulia Jones
24%
MarcusChristopher Heyerdahl
21%

Score Distribution

Percentile by Number Answered

Percent of People with Each Score

Your Score History

You have not taken this quiz